Psychological testing : (Record no. 97015)

MARC details
000 -LEADER
fixed length control field 00791nam a22002297a 4500
005 - DATE AND TIME OF LATEST TRANSACTION
control field 20151009112118.0
010 ## - LCCN (DPL NO)
LC control number ENG-114076
020 ## - INTERNATIONAL STANDARD BOOK NUMBER
Terms of availability 475.00
International Standard Book Number 9789351502838
035 ## - SYSTEM CONTROL NUMBER
System control number EN-97608
037 ## - SOURCE OF ACQUISITION
Source of stock number/acquisition DBAD/PUB
082 ## - DEWEY DECIMAL CLASSIFICATION NUMBER
Classification number 150287
100 ## - MAIN ENTRY--PERSONAL NAME
Personal name Miller, Leslie A.
245 ## - TITLE STATEMENT
Title Psychological testing :
Statement of responsibility, etc by Leslie A. Miller , Robert L. Lovler [and] Sandra A. Mclntire
Remainder of title a practical approach /
250 ## - EDITION STATEMENT
Edition statement 4th ed
260 ## - PUBLICATION, DISTRIBUTION, ETC. (IMPRINT)
Place of publication, distribution, etc New Delhi
Name of publisher, distributor, etc SAGE Publications
Date of publication, distribution, etc 2015
270 ## - ADDRESS
Address B1/I-1 Mohan Cooperative Industrial Area Mathura Road
City New Delhi
Postal code 110044
300 ## - PHYSICAL DESCRIPTION
Extent various pagings :
Dimensions 25cm(pbk)
Other physical details ill.
500 ## - GENERAL NOTE
General note Includes bibliographical references and index
700 ## - ADDED ENTRY--PERSONAL NAME
Personal name Lovler, Robert L.
700 ## - ADDED ENTRY--PERSONAL NAME
Personal name Mclntire, Sandra A.
942 ## - ADDED ENTRY ELEMENTS (KOHA)
Source of classification or shelving scheme Dewey Decimal Classification
Item type English Books
Call number suffix MIL
Classification part 150.287
Holdings
Withdrawn status Lost status Not for loan Collection code Home library Current library Date acquired Source of acquisition Cost, normal purchase price Full call number Barcode Copy number Cost, replacement price Koha item type
    Not For Loan Non-fiction D.B.Act.Division D.B.Act.Division 16/09/2015 DBAD/PUB 475.00 150.287 MIL EN-97608 1 475.00 English Books

© Delhi Public Library
Hit Counter
free hit counter